000 00299nam a2200121Ia 4500
008 191201s2015 xx 000 0 und d
100 _aRANGANATHAM, M
245 0 _aSecurity Analysis and Portfolio Management
260 _aN. Delhi
_bPearson
_c2015
300 _a766
650 _aNCFM
942 _2ddc
_cBK
999 _c694
_d694